Word Puzzles - Countries - Statistics

General Stats
  • This quiz has been taken 2,593 times
  • The average score is 12 of 19
Answer Stats
Hint Answer % Correct
Cool your drink with this + terra firma Iceland
89%
Opposite of out + female deer + patellas + German "yes" Indonesia
85%
Normal score on a golf course + A + homosexual man Paraguay
80%
Opposite of North + A + weirdo + A South Africa
78%
Where a fox lives + Mr Twain Denmark
77%
Opposite of North + --- blimey! + hearing organ South Korea
77%
Where to buy drinks at the pub + Bengal, Biscay... etc + Spanish "two" Barbados
75%
Batman and Superman wear on + Spanish "green" Cape Verde
75%
Black bird + largest continent Croatia
72%
Opposite of truth + alcoholic drink + German "yes" Liberia
67%
Green, red... etc. + M + you must be overage to drink it Colombia
54%
Hurry + Sentence filler word Russia
53%
Queen Elizabeth's country + precipitation Ukraine
51%
Skillet + Mediaeval knights wore this Panama
50%
Small bomb + A Grenada
47%
Sound a firecracker makes + male equivalent of "lass" + "s" with a lisp Bangladesh
38%
What Big Ben is + bleach kills this Belgium
34%
Very cold Chile
31%
Buddhist peace + American national bird Senegal
26%
No matching quizzes found
Score Distribution
Percent of People with Each Score
Percentile by Number Answered
Your Score History
You have not taken this quiz